| 000 | 06278cam a2201465 a 4500 | ||
|---|---|---|---|
| 020 | _a0471487376 (alk. paper) | ||
| 020 | _a0471661619 (Wiley international ed. : alk. paper) | ||
| 020 | _a9780471487371 (alk. paper) | ||
| 020 | _a9780471661610 (Wiley international ed. : alk. paper) | ||
| 082 | 0 | 0 |
_a620.106 _bROB _cN-01,P-71 |
| 100 | 1 |
_aCrowe, C. T. _938583 |
|
| 245 | 1 | 0 |
_aEngineering fluid mechanics / _cClayton T. Crowe, Donald F. Elger, John A. Roberson. |
| 250 | _a6th ed. | ||
| 260 |
_aHoboken, NJ : _bWiley, _cc2002 |
||
| 300 |
_axii, 689, 20, 12 p. : _bcol. ill. ; _c27 cm. |
||
| 500 | _aRegistration to Web site on 1 leaf in pocket. | ||
| 520 | 1 | _a"Fluid Mechanics Solutions by JustAsk! is a web-based tutorial that walks you step-by-step through solutions to selected problems from Engineering Fluid Mechanics, Eighth Edition, while highlighting the important concepts needed to solve each problem. With Fluid Mechanics Solutions by JustAsk!, you'll save valuable time in your studies and build strong problem-solving skills."--BOOK JACKET. | |
| 526 |
_a0 _b0 _c0 _d620_106000000000000_ROB |
||
| 526 |
_a0 _b0 _c0 _d620_106000000000000_ROB |
||
| 526 |
_a0 _b0 _c0 _d620_106000000000000_ROB |
||
| 526 |
_a0 _b0 _c0 _d620_106000000000000_ROB |
||
| 526 |
_a0 _b0 _c0 _d620_106000000000000_ROB |
||
| 526 |
_a0 _b0 _c0 _d620_106000000000000_ROB |
||
| 526 |
_a0 _b0 _c0 _d620_106000000000000_ROB |
||
| 526 |
_a0 _b0 _c0 _d620_106000000000000_ROB |
||
| 526 |
_a0 _b0 _c0 _d620_106000000000000_ROB |
||
| 526 |
_a0 _b0 _c0 _d620_106000000000000_ROB |
||
| 526 |
_a0 _b0 _c0 _d620_106000000000000_ROB |
||
| 526 |
_a0 _b0 _c0 _d620_106000000000000_ROB |
||
| 526 |
_a0 _b0 _c0 _d620_106000000000000_ROB |
||
| 526 |
_a0 _b0 _c0 _d620_106000000000000_ROB |
||
| 526 |
_a0 _b0 _c0 _d620_106000000000000_ROB |
||
| 526 |
_a0 _b0 _c0 _d620_106000000000000_ROB |
||
| 526 |
_a0 _b0 _c0 _d620_106000000000000_ROB |
||
| 526 |
_a0 _b0 _c0 _d620_106000000000000_ROB |
||
| 526 |
_a0 _b0 _c0 _d620_106000000000000_ROB |
||
| 526 |
_a0 _b0 _c0 _d620_106000000000000_ROB |
||
| 526 |
_a0 _b0 _c0 _d620_106000000000000_ROB |
||
| 526 |
_a0 _b0 _c0 _d620_106000000000000_ROB |
||
| 526 |
_a0 _b0 _c0 _d620_106000000000000_ROB |
||
| 526 |
_a0 _b0 _c0 _d620_106000000000000_ROB |
||
| 526 |
_a0 _b0 _c0 _d620_106000000000000_ROB |
||
| 526 |
_a0 _b0 _c0 _d620_106000000000000_ROB |
||
| 526 |
_a0 _b0 _c0 _d620_106000000000000_ROB |
||
| 526 |
_a0 _b0 _c0 _d620_106000000000000_ROB |
||
| 526 |
_a0 _b0 _c0 _d620_106000000000000_ROB |
||
| 526 |
_a0 _b0 _c0 _d620_106000000000000_ROB |
||
| 526 |
_a0 _b0 _c0 _d620_106000000000000_ROB |
||
| 526 |
_a0 _b0 _c0 _d620_106000000000000_ROB |
||
| 526 |
_a0 _b0 _c0 _d620_106000000000000_ROB |
||
| 526 |
_a0 _b0 _c0 _d620_106000000000000_ROB |
||
| 526 |
_a0 _b0 _c0 _d620_106000000000000_ROB |
||
| 526 |
_a0 _b0 _c0 _d620_106000000000000_ROB |
||
| 526 |
_a0 _b0 _c0 _d620_106000000000000_ROB |
||
| 526 |
_a0 _b0 _c0 _d620_106000000000000_ROB |
||
| 526 |
_a0 _b0 _c0 _d620_106000000000000_ROB |
||
| 526 |
_a0 _b0 _c0 _d620_106000000000000_ROB |
||
| 526 |
_a0 _b0 _c0 _d620_106000000000000_ROB |
||
| 526 |
_a0 _b0 _c0 _d620_106000000000000_ROB |
||
| 526 |
_a0 _b0 _c0 _d620_106000000000000_ROB |
||
| 526 |
_a0 _b0 _c0 _d620_106000000000000_ROB |
||
| 526 |
_a0 _b0 _c0 _d620_106000000000000_ROB |
||
| 526 |
_a0 _b0 _c0 _d620_106000000000000_ROB |
||
| 526 |
_a0 _b0 _c0 _d620_106000000000000_ROB |
||
| 526 |
_a0 _b0 _c0 _d620_106000000000000_ROB |
||
| 526 |
_a0 _b0 _c0 _d620_106000000000000_ROB |
||
| 526 |
_a0 _b0 _c0 _d620_106000000000000_ROB |
||
| 526 |
_a0 _b0 _c0 _d620_106000000000000_ROB |
||
| 526 |
_a0 _b0 _c0 _d620_106000000000000_ROB |
||
| 526 |
_a0 _b0 _c0 _d620_106000000000000_ROB |
||
| 526 |
_a0 _b0 _c0 _d620_106000000000000_ROB |
||
| 526 |
_a0 _b0 _c0 _d620_106000000000000_ROB |
||
| 526 |
_a0 _b0 _c0 _d620_106000000000000_ROB |
||
| 526 |
_a0 _b0 _c0 _d620_106000000000000_ROB |
||
| 526 |
_a0 _b0 _c0 _d620_106000000000000_ROB |
||
| 526 |
_a0 _b0 _c0 _d620_106000000000000_ROB |
||
| 526 |
_a0 _b0 _c0 _d620_106000000000000_ROB |
||
| 526 |
_a0 _b0 _c0 _d620_106000000000000_ROB |
||
| 526 |
_a0 _b0 _c0 _d620_106000000000000_ROB |
||
| 526 |
_a0 _b0 _c0 _d620_106000000000000_ROB |
||
| 526 |
_a0 _b0 _c0 _d620_106000000000000_ROB |
||
| 526 |
_a0 _b0 _c0 _d620_106000000000000_ROB |
||
| 526 |
_a0 _b0 _c0 _d620_106000000000000_ROB |
||
| 526 |
_a0 _b0 _c0 _d620_106000000000000_ROB |
||
| 526 |
_a0 _b0 _c0 _d620_106000000000000_ROB |
||
| 526 |
_a0 _b0 _c0 _d620_106000000000000_ROB |
||
| 526 |
_a0 _b0 _c0 _d620_106000000000000_ROB |
||
| 526 |
_a0 _b0 _c0 _d620_106000000000000_ROB |
||
| 526 |
_a0 _b0 _c0 _d620_106000000000000_ROB |
||
| 526 |
_a0 _b0 _c0 _d620_106000000000000_ROB |
||
| 526 |
_a0 _b0 _c0 _d620_106000000000000_ROB |
||
| 526 |
_a0 _b0 _c0 _d620_106000000000000_ROB |
||
| 526 |
_a0 _b0 _c0 _d620_106000000000000_ROB |
||
| 526 |
_a0 _b0 _c0 _d620_106000000000000_ROB |
||
| 526 |
_a0 _b0 _c0 _d620_106000000000000_ROB |
||
| 526 |
_a0 _b0 _c0 _d620_106000000000000_ROB |
||
| 526 |
_a0 _b0 _c0 _d620_106000000000000_ROB |
||
| 526 |
_a0 _b0 _c0 _d620_106000000000000_ROB |
||
| 526 |
_a0 _b0 _c0 _d620_106000000000000_ROB |
||
| 526 |
_a0 _b0 _c0 _d620_106000000000000_ROB |
||
| 526 |
_a0 _b0 _c0 _d620_106000000000000_ROB |
||
| 526 |
_a0 _b0 _c0 _d620_106000000000000_ROB |
||
| 526 |
_a0 _b0 _c0 _d620_106000000000000_ROB |
||
| 526 |
_a0 _b0 _c0 _d620_106000000000000_ROB |
||
| 526 |
_a0 _b0 _c0 _d620_106000000000000_ROB |
||
| 526 |
_a0 _b0 _c0 _d620_106000000000000_ROB |
||
| 526 |
_a0 _b0 _c0 _d620_106000000000000_ROB |
||
| 526 |
_a0 _b0 _c0 _d620_106000000000000_ROB |
||
| 526 |
_a0 _b0 _c0 _d620_106000000000000_ROB |
||
| 526 |
_a0 _b0 _c0 _d620_106000000000000_ROB |
||
| 526 |
_a0 _b0 _c0 _d620_106000000000000_ROB |
||
| 526 |
_a0 _b0 _c0 _d620_106000000000000_ROB |
||
| 526 |
_a0 _b0 _c0 _d620_106000000000000_ROB |
||
| 526 |
_a0 _b0 _c0 _d620_106000000000000_ROB |
||
| 526 |
_a0 _b0 _c0 _d620_106000000000000_ROB |
||
| 526 |
_a0 _b0 _c0 _d620_106000000000000_ROB |
||
| 526 |
_a0 _b0 _c0 _d620_106000000000000_ROB |
||
| 650 | 0 |
_aFluid mechanics. _91678 |
|
| 650 | 0 |
_aNUST _96342 |
|
| 700 | 1 |
_aElger, D. F. _938584 |
|
| 700 | 1 |
_aRoberson, John A. _93088 |
|
| 856 | 4 | 1 | _uhttp://www.loc.gov/catdir/enhancements/fy0626/2005271184-t.html |
| 856 | 4 | 2 | _uhttp://www.loc.gov/catdir/enhancements/fy0626/2005271184-d.html |
| 942 |
_2ddc _cBK |
||
| 999 |
_c543217 _d543217 |
||